Normal view MARC view
  • Rubio, Ricardo

Entry Nombre Personal

Number of records used in: 3

001 - NUMERO DE CONTROL

  • campo de control: 51468

003 - IDENTIFICADOR DE NUMERO DE CONTROL

  • campo de control: UPN

005 - FECHA Y HORA DE LA ÜLTIMA TRANSACCIÓN

  • campo de control: 20240326161623.0

008 - DATOS DE LONGITUD FIJA

  • campo de control de longitud fija: 240326|| acn||aabn | aaa d

040 ## - FUENTE DE CATALOGACIÓN

  • Agencia original de catalogación: MX-MxUPN
  • Lenguaje de catalogación: spa
  • Agencia de transcripción: MX-MxUPN

100 1# - ENCABEZAMIENTO - NOMBRE PERSONAL

  • Nombre personal: Rubio, Ricardo

374 ## - OCUPACIÓN

  • Occupation: Traductor

670 ## - FUENTE EN LA QUE SE LOCALIZARON DATOS

  • Cita de la fuente: Enfermedades de la memoria, 1908:
  • Información localizada: portada (Traducción española de Ricardo Rubio)

902 ## - CATALOGADOR

  • Catalogador: MaríaRobles/200324